000 00752nam a22002057a 4500
005 20240430111011.0
010 _aHIN-127543
020 _c200.00
_a9788187770497
035 _aHN-99889
037 _bDBAD
082 _a821
100 _aशुक्ल, दिनेश कुमार
_965212
245 _aनया अनहद
_cदिनेश कुमार शुक्ल
250 _a1
260 _aइलाहाबाद
_bमानस प्रकाशन
_c2001
270 _a98/52 तुलाराम बाग़
_bइलाहाबाद
_e211006
300 _a149पृ;
_c22 सेमी.(आजिल्द)
650 _aहिन्दी
_965213
942 _2ddc
_cHN
_h821
_mशुक्लदि
999 _c202418
_d202418